00586nam a22001937a 450000500170000001000150001702000260003203500140005803700100007208200180008210000160010024500740011625000080019026000630019827000810026130000310034249000130037376000060038620250402125037.0 aENG-144410 c600.00a9788172764692 aEN-127942E bDBAD  a342.540922nd aMunshi, K M aPilgrimage To Freedom :bIndian Constitutional Documents/cK M Munshi a2nd aKulapati Munshi Marg, MumbaibBharatiya Vidya Bhavanc2012 aKulapati Munshi Marg, Mumbai - 400 007bMumbaie400 007mbhavan@bhavans.info axviii, 621(Hb)c25 cm (Hb) vVolume 1 b1